General principles of law

Bibliographic Details
Main Author: Newton, Clive R.
Format: Book
Published: London : Sweet & Maxwell , 1977
Edition:2nd ed.
Subjects:

MARC

LEADER 00000cam a2200000 7i4500
001 0000009222
005 20161229.0
020 |a 0421221607 
040 |a INS 
090 0 0 |a KD460   |b N49 1977 
100 1 |a Newton, Clive R. 
245 1 0 |a General principles of law   |c Clive R. Newton 
250 |a 2nd ed. 
260 |a London :   |b Sweet & Maxwell ,   |c 1977 
300 |a v p. ;   |c 20cm. 
650 0 0 |a Law   |z Great Britain   |x Examinations, questions, etc. 
999 |a 0000022963   |b BOOK   |c Open Shelf   |e Default branch